Paśu : (Record no. 63264)

MARC details
000 -LEADER
fixed length control field 00935cam a22002891a 4500
001 - CONTROL NUMBER
control field sa 65003669
003 - CONTROL NUMBER IDENTIFIER
control field DLC
005 - DATE AND TIME OF LATEST TRANSACTION
control field 20260227112124.0
008 - FIXED-LENGTH DATA ELEMENTS--GENERAL INFORMATION
fixed length control field 891005s1963 ii 000 0 hinr
010 ## - LIBRARY OF CONGRESS CONTROL NUMBER
LC control number sa 65003669
025 ## - OVERSEAS ACQUISITION NUMBER
Overseas acquisition number PL480:I-Mal-2070
035 ## - SYSTEM CONTROL NUMBER
System control number (OCoLC)20446632
040 ## - CATALOGING SOURCE
Original cataloging agency DLC
Transcribing agency WaU
Modifying agency ICRL
-- DLC
041 1# - LANGUAGE CODE
Language code of text/sound track or separate title hin
Language code of original mal
042 ## - AUTHENTICATION CODE
Authentication code premarc
050 00 - LIBRARY OF CONGRESS CALL NUMBER
Classification number PL4718.9.G66
Item number M85
100 1# - MAIN ENTRY--PERSONAL NAME
Personal name Gōpināthannāyar, Ṭi. En.,
Dates associated with a name 1918-
240 10 - UNIFORM TITLE
Uniform title Mr̥gaṃ.
Language of a work Hindi
245 10 - TITLE STATEMENT
Title Paśu :
Remainder of title Malayalaṃ-bhāshā ke sāmājika lakhu nāṭaka 'Mr̥gaṃ' ka Hindī-rūpāntar /
Statement of responsibility, etc. Ṭi.En. Gōpināthan Nāyara ; Rūpāntarkāra Raghuvīra Śaran 'Vyathita' tatha Vasuvan.
250 ## - EDITION STATEMENT
Edition statement [1. sanskaraṇa]
260 ## - PUBLICATION, DISTRIBUTION, ETC.
Place of publication, distribution, etc. Dilli :
Name of publisher, distributor, etc. Vāsudēva Prakāśana,
Date of publication, distribution, etc. [1963]
300 ## - PHYSICAL DESCRIPTION
Extent 96 p. ;
Other physical details 18 cm.
500 ## - GENERAL NOTE
General note In Hindi.
520 ## - SUMMARY, ETC.
Summary, etc. Translation of: Mr̥gaṃ.
700 1# - ADDED ENTRY--PERSONAL NAME
Personal name Śaran, Raghuvira.
700 1# - ADDED ENTRY--PERSONAL NAME
Personal name Vasuvan.

No items available.

Powered by Koha